| 000 | 02068cam a22005294i 4500 | ||
|---|---|---|---|
| 003 | PE-LiUPU | ||
| 005 | 20250731180157.0 | ||
| 008 | 150616s1997 pe r 000 0 spa d | ||
| 035 | _a(Sirsi) a9745 | ||
| 040 |
_aPE-LiUPU _bspa _cPE-LiUPU _erda |
||
| 049 | _aPRUA | ||
| 082 | 0 | 4 |
_a512.9 _bT56 _221 |
| 100 | 1 |
_aTimoteo Valentín, Salvador, _d1963-, _eautor. |
|
| 245 | 1 | 0 |
_aÁlgebra Estructural / _cSalvador Timoteo Valentín. |
| 264 | 1 |
_aPerú : _b"San Marcos", _c1997. |
|
| 300 |
_a412 páginas ; _c22 centímetros |
||
| 336 |
_atext _2rdacontent |
||
| 337 |
_aunmediated _2rdamedia |
||
| 338 |
_avolume _2rdacarrier |
||
| 505 | 0 | _aLeyes de exponentes -- Expresiones algebraicas -- Productos notables -- División de polinomios -- Factorización -- Fracciones algebraicas -- Radicación -- Racionalización -- Factoriales -- Binomio de Newton -- Cantidades imaginarias -- Números complejos -- Ecuaciones -- Números reales -- Desigualdades -- Inecuaciones -- Valor absoluto -- Progresiones -- Logaritmos -- Clave de problemas propuestos -- Problemas tipo admisión. | |
| 526 | _aSEG44 | ||
| 526 | _aSEG26 | ||
| 526 | _aP159 | ||
| 526 | _aP155 | ||
| 526 | _aP154 | ||
| 526 | _aP153 | ||
| 526 | _aP150 | ||
| 526 | _aP100 | ||
| 526 | _aP31 | ||
| 526 | _aP30 | ||
| 526 | _aP26 | ||
| 526 | _aP25 | ||
| 526 | _aP24 | ||
| 526 | _aP22 | ||
| 526 | _aP15 | ||
| 526 | _aP10 | ||
| 650 | 1 | 4 |
_aAlgebra. _920 |
| 650 | 2 | 4 |
_aAlgebra _vProblemas, ejercicios, etc. |
| 910 |
_ajck _bjvq _cjck |
||
| 910 |
_bksl _cksl _d20190424 |
||
| 942 |
_2ddc _cBOOK |
||
| 949 |
_a512.9 T56 _wDEWEY _c1 _i43266 _lCCODEBUL1 _mBUL _p37.00 _r0 _sY _tBOOK _u19971007 _xEDUCACION _PP20 _0COMPRA _o.STAFF. Colección Ciencias Humanas y Educación |
||
| 994 |
_aC0 _bPEPRU |
||
| 596 | _a1 | ||
| 999 |
_a512.9 T56 _wDEWEY _c61231 _i43266 _d61231 _e2019-10-29 _f2021-11-5 _g5 _lCCODEBUL1 _mBUL _n27 _p37.00 _q2 _r0 _sY _tBOOK _u2015-6-16 _xBIBLIOTECA _PP15 _0COMPRA _o.STAFF. Colección Ciencias Humanas y Educación |
||
| 980 |
_81 _gALBERTO SANCHEZ Responsable de Automatización |
||